000 00519nam a2200169Ia 4500
003 GCL
008 140319s9999 xx 000 0 ara d
040 _aGCL /
_cGCL
082 0 4 _a541.36
_bا ه
100 1 _aابراهيم سالم منصور
245 1 0 _aهندسة الدنياميكا الحرارية الكيمائية /
_cابراهيم سالم منصور
300 _a385
490 _aكتاب
_v0
650 0 4 _aالديناميكا
650 0 4 _aالديناميكا الحرارية
942 _2ddc
_cBK
999 _c41217
_d41217